| 000 | 00474nam a22001697a 4500 | ||
|---|---|---|---|
| 003 | NUST | ||
| 005 | 20260312102701.0 | ||
| 008 | 260312b ||||| |||| 00| 0 eng d | ||
| 020 | _a 978-3319132693 | ||
| 082 |
_a551.577 _bSEL |
||
| 100 |
_a A. M. Selvam. _9133670 |
||
| 245 |
_aRain Formation in Warm Clouds: General Systems Theory / _c A. M. Selvam. |
||
| 260 |
_aSwitzerland: _bSpringer, _c2015. |
||
| 300 |
_a98 p ; _c29.8 cm |
||
| 563 | _aHardcover | ||
| 942 |
_2ddc _cBK |
||
| 999 |
_c616633 _d616633 |
||